000 00834nam a2200253Ia 4500
003 OSt
005 20221005112536.0
006 a|||||r|||| 00| 0
007 ta
008 221004b |||||||| |||| 00| 0 pan d
020 _a9789350680865 (hbk)
_c125
024 _a6959
037 _b689, 12/06/2013, H.K. Prakashan
_cTextual
040 _aCRL
_cCRL
_bpan
041 _2pan
_apan
082 _aO153,1NPAx, Q2
100 _aਪਾਤਰ, ਸੁਰਜੀਤ
245 0 _aਪੱਤਝੜ ਦੀ ਪਾਗ਼ੇਬ
260 _aਚੰਡੀਗੜ
_bਲੋਕਗੀਤ ਭਾਰਤ
_c2012
300 _a80ਪੰ
_ccm.
650 _aਪੰਜਾਬੀ ਸਾਹਿਤ
942 _hO153,1NPAx, Q2
_cTEXL
_2cc
999 _c1025207
_d1025207